|
|
|
|
| LEADER |
01301nam a2200289 a 4500 |
| 001 |
GR-MES10650 |
| 008 |
060912s gr b 001 0 gre d |
| 020 |
|
|
|a 9602096780
|
| 040 |
|
|
|a GrPaTEI
|b gre
|c GR-PaULI
|
| 040 |
|
|
|a GrPaTEI
|b gre
|c GR-PaULI
|
| 100 |
1 |
|
|a Duthie, Andrew G.
|
| 245 |
1 |
0 |
|a Microsoft ASP.NET προγραμματισμός με τη microsoft visual basic.Net βήμα βήμα /
|c G. Andrew Duthie ; Δ. Τσιλογιάννης ; Δ. Καρτσακλής.
|
| 260 |
|
|
|a Αθήνα :
|b Κλειδάριθμος,
|c 2003
|
| 300 |
|
|
|a xvi , 605σελ. :
|b εικ. ;
|c 24εκ. +
|e 1CD-ROM
|
| 500 |
|
|
|a τίτλος πρωτοτύπου : Microsoft ASP.NET
|
| 504 |
|
|
|a περιέχει ευρετήριο
|
| 650 |
|
0 |
|a Active server pages
|
| 650 |
|
0 |
|a Internet programming
|
| 650 |
|
0 |
|a MICROSOFT VISUAL BASIC
|
| 650 |
|
0 |
|a Microsoft.NET
|
| 700 |
1 |
|
|a Καναβός, Παναγιώτης
|
| 700 |
1 |
|
|a Καρτσακλής, Δημήτρης
|
| 700 |
1 |
|
|a Τσιλογιάννης, Δημήτρης
|
| 942 |
|
|
|2 ddc
|
| 952 |
|
|
|0 0
|1 0
|2 ddc
|4 0
|6 005_276000000000000_DUT
|7 0
|9 269989
|a MSLG
|b MSLG
|c BSC
|d 2021-01-17
|e 24
|f 0
|g 0.00
|l 0
|o 005.276 DUT
|p 2420000019989
|r 2021-01-17 00:00:00
|t 1
|w 2021-01-17
|y BK15
|x 20060912 0 1
|x GrPaTEI
|
| 971 |
|
|
|a .b25766971
|b 15-04-20
|c 13-09-16
|
| 999 |
|
|
|c 155887
|d 155887
|